LEADER 00992nam a2200241 u 4500 001 000000045799 003 CaOOAMICUS 005 20070226114713.0 008 990616s1958 it u000 u ita u 035 $a10826996 040 $aPUL(R)$bita$dPUL(R) 100 1 $aTalamona, Mario.$0(OLS)http://pul/name/29586 245 10$aAspetti e problemi dello sviluppo economico /$cMario Talamona. 260 $aMilano :$bSocietà editoriale mondo economico,$c1958. 300 $a194 p. ;$c21 cm 500 $aContiene indice dei nomi. 650 4$aPolitica economica.$0(OLS)http://pul/subject/10570 850 $aPUL 852 $aPUL$W1$xDP1 Cons. Gen., Altre Classi 1$y22$m46 N 54$j61483$nBK-PRI$b $qStampati$B61483$CPULBib$Z2$F61483 $H $81 941 1 $a8 961 $aINV: 50950 996 $6245$aAspetti e problemi dello sviluppo economico$9(OLS)http://pul/title/61767 996 $6260$aMilano :$bSocietà editoriale mondo economico$9(OLS)http://pul/publisher/66245 LEADER 01106nam a2200277 u 4500 001 000000084900 003 CaOOAMICUS 005 20070226124129.0 008 050722s2003 enk u000 u eng u 020 $a0521531969 035 $a11054573 040 $aPUL$bita 245 00$aReligion after metaphysics /$cedited by Mark A. Wrathall. 260 $aCambridge :$bCambridge University Press,$cc2003. 300 $avii, 194 p. ;$c22 cm 500 $aIndice: p. 190-194. 504 $aBibliografia in nota. 650 4$aReligione$xFilosofia.$0(OLS)http://pul/subject/397 650 4$aMetafisica e religione.$0(OLS)http://pul/subject/14257 700 1 $aWrathall, Mark A.$0(OLS)http://pul/name/54333 850 $aPUL 852 $aPUL$W1$xSL Religione 3$y85$m210 WRAMA 1$j107919$nBK-PRI$qDDC 21$B107919$CPULBib$Z2$F107919 $HPUL99449 $81 941 1 $a9 996 $6020$a0521531969$9(OLS)http://pul/number/112446 996 $6245$aReligion after metaphysics$9(OLS)http://pul/title/110307 996 $6260$aCambridge :$bCambridge University Press$9(OLS)http://pul/publisher/50125